000 00632nam a2200193Ia 4500
005 20260601193220.0
008 260601s9999||||xx |||||||||||||| ||und||
020 _a978-3-662-68191-6
_qebk
100 _aMaciej Koutny
245 0 _aTransactions on Petri Nets and Other Models of Concurrency XVII
250 _a1st ed. 2024
260 _aHeidelberg, Germany
_bSpringer Nature
_c2024
440 _aLecture Notes in Computer Science
650 _aComputer Science
700 _aGianfranco Ciardo
700 _aRobin Bergenthum
856 _uhttps://link.springer.com/openurl?genre=book&isbn=978-3-662-68191-6
942 _cEB
_2ddc
999 _c55766
_d55766